=LDR 00000nam 2200000 4500 =001 000400 =005 20250710032302 =035 ##$$a 0010-0725000262 =007 ta =008 250710################a##########0#ind## =020 ##$$a 978-602-244-943-0 =100 #$$a Adani nabila =245 1#$$a Pilus rumput laut untuk rasi /$c Nabila Adani =250 ##$$a Cetakan pertama =260 ##$$a Cipete :$b Kementeeian pendidikan, kebudayaan, riset, dan teknologi,$c 2022 =300 ##$$a 48 hlm. : $b Ilus. ; $c 21 cm. =700 #$$a Intifada salma =990 ##$$a TBM01240124